Minecraft: Java Edition - All Blocks & Items - Statistics

General Stats
  • This quiz has been taken 198 times
    90 since last reset
  • The average score is 124 of 1721
Answer Stats
Answers % Correct
Dirt
78%
Grass Block
78%
Cobblestone
72%
Diamond
67%
Stone
61%
Deepslate
50%
Leather
50%
Oak Wood
50%
Coal
44%
Furnace
44%
Iron Axe
44%
Iron Ingot
44%
Iron Sword
44%
Leather Boots
44%
Oak Leaves
44%
Oak Planks
44%
PaintingWater
Kristoffer Zetterstrand
44%
Stick
44%
Stone Axe
44%
Stone Shovel
44%
Stone Sword
44%
Water
44%
Wooden Axe
44%
Wooden Sword
44%
Crafting Table
39%
Diamond Axe
39%
Diamond Boots
39%
Diamond Sword
39%
Emerald
39%
Gravel
39%
Iron Pickaxe
39%
Iron Shovel
39%
Leather Cap
39%
Mossy Cobblestone
39%
Redstone Dust
39%
Sand
39%
Stone Hoe
39%
Stone Pickaxe
39%
Water Bucket
39%
Bucket
33%
Chest
33%
Coal Ore
33%
Coarse Dirt
33%
Copper Ingot
33%
Copper Sword
33%
Diamond Chestplate
33%
Diamond Helmet
33%
Diamond Leggings
33%
Diamond Pickaxe
33%
Flint
33%
Flint and Steel
33%
Light
33%
Glass
33%
Golden Axe
33%
Golden Sword
33%
Honey Block
33%
Iron Chestplate
33%
Iron Helmet
33%
Iron Hoe
33%
Iron Ore
33%
Lava
33%
Netherrack
33%
Oak Door
33%
Oak Log
33%
Obsidian
33%
Saddle
33%
Sugar
33%
Torch
33%
White Wool
33%
Wolf Armor
33%
Wooden Hoe
33%
Wooden Pickaxe
33%
Wooden Shovel
33%
Armadillo Scute
28%
Bedrock
28%
Block of Diamond
28%
Bone
28%
Bone Meal
28%
Bow
28%
Cactus
28%
Cake
28%
Cobbled Deepslate
28%
Diamond Ore
28%
Dried Ghast
28%
Emerald Ore
28%
Enchanting Table
28%
Ender Chest
28%
Golden Hoe
28%
Golden Shovel
28%
Gold Ingot
28%
Gold Ore
28%
Honey Bottle
28%
Iron Boots
28%
Kelp
28%
Lapis Lazuli
28%
Lava Bucket
28%
Redstone Ore
28%
Snow
28%
Steak
28%
Sugar Cane
28%
Tall Grass
28%
Terracotta
28%
Wheat
28%
White Bed
28%
Apple
22%
Baked Potato
22%
Beehive
22%
Beetroot
22%
Blast Furnace
22%
Blue Wool
22%
Bone Block
22%
Brick
22%
Campfire
22%
Carrot
22%
Clay
22%
Cooked Cod
22%
Cooked Salmon
22%
Copper Boots
22%
Deepslate Iron Ore
22%
Diamond Hoe
22%
Diamond Shovel
22%
Egg
22%
End Stone
22%
Fire
22%
Enchanted Golden Apple
22%
Trident
22%
Elytra
22%
Chainmail Helmet
22%
Golden Apple
22%
Golden Chestplate
22%
Golden Helmet
22%
Golden Pickaxe
22%
Golden Spear
22%
Green Terracotta
22%
Green Wool
22%
Ice
22%
Iron Nugget
22%
Lapis Lazuli Ore
22%
Lead
22%
Leather Pants
22%
Map
22%
Monster Spawner
22%
Mud
22%
Mud Bricks
22%
Mycelium
22%
Netherite Ingot
22%
Netherite Scrap
22%
Nether Portal
22%
Oak Sapling
22%
Oak Trapdoor
22%
Packed Ice
22%
PaintingFire
Kristoffer Zetterstrand
22%
Paper
22%
Piston
22%
Potato
22%
Prismarine
22%
Pumpkin
22%
Pumpkin Pie
22%
Rail
22%
Raw Cod
22%
Raw Copper
22%
Raw Salmon
22%
Red Bed
22%
Redstone Torch
22%
Red Terracotta
22%
Red Wool
22%
Sandstone
22%
Seagrass
22%
Shears
22%
Slime Block
22%
Smoker
22%
Soul Sand
22%
Spider Eye
22%
Stone Bricks
22%
String
22%
Suspicious Sand
22%
Trial Spawner
22%
White Concrete
22%
Yellow Terracotta
22%
Ancient Debris
17%
Anvil
17%
Arrow
17%
Basalt
17%
Beetroot Soup
17%
Birch Door
17%
Birch Planks
17%
Birch Wood
17%
Black Bed
17%
Black Concrete
17%
Black Dye
17%
Blackstone
17%
Block of Copper
17%
Block of Emerald
17%
Block of Gold
17%
Block of Iron
17%
Block of Netherite
17%
Block of Redstone
17%
Blue Bed
17%
Blue Dye
17%
Blue Ice
17%
Book
17%
Book and Quill
17%
Bread
17%
Bricks
17%
Brown Mushroom
17%
Brown Terracotta
17%
Brush
17%
Cactus Flower
17%
Cooked Chicken
17%
Cooked Mutton
17%
Cooked Porkchop
17%
Cooked Rabbit
17%
Copper Chest
17%
Copper Chestplate
17%
Copper Helmet
17%
Copper Hoe
17%
Copper Leggings
17%
Copper Nugget
17%
Copper Ore
17%
Copper Pickaxe
17%
Copper Shovel
17%
Cyan Dye
17%
Dark Prismarine
17%
Deepslate Coal Ore
17%
Deepslate Copper Ore
17%
Diamond Horse Armor
17%
Diamond Spear
17%
Diorite
17%
Dried Kelp
17%
End Crystal
17%
End Portal
17%
Fermented Spider Eye
17%
Barrier
17%
Command Block
17%
Dragon Egg
17%
Chainmail Boots
17%
Chainmail Chestplate
17%
Chainmail Leggings
17%
Enchanted BookPower
17%
Totem of Undying
17%
Glass Pane
17%
Glowstone
17%
Golden Boots
17%
Golden Carrot
17%
Golden Leggings
17%
Gray Concrete
17%
Gray Terracotta
17%
Green Concrete
17%
Green Concrete Powder
17%
Green Dye
17%
Infested Stone
17%
Infested Stone Bricks
17%
Iron Leggings
17%
Jack o'Lantern
17%
Lantern
17%
Leather Tunic
17%
Light Blue Dye
17%
Light Gray Concrete
17%
Lime Concrete
17%
Lime Concrete Powder
17%
Lime Dye
17%
Lime Wool
17%
Magma Block
17%
Magma Cream
17%
Melon
17%
Milk Bucket
17%
Minecart
17%
Mossy Stone Bricks
17%
Mushroom Stew
17%
Name Tag
17%
Nether Brick
17%
Nether Brick Fence
17%
Nether Bricks
17%
Netherite Axe
17%
Netherite Boots
17%
Netherite Helmet
17%
Netherite Hoe
17%
Netherite Leggings
17%
Netherite Pickaxe
17%
Netherite Shovel
17%
Netherite Spear
17%
Netherite Sword
17%
Oak Slab
17%
Oak Stairs
17%
Observer
17%
Orange Terracotta
17%
PaintingWither
17%
Pink Bed
17%
Pink Concrete
17%
Pink Dye
17%
Podzol
17%
Poppy
17%
Powered Rail
17%
Pufferfish
17%
Purple Bed
17%
Purple Dye
17%
Rabbit Stew
17%
Raw Beef
17%
Raw Chicken
17%
Raw Gold
17%
Raw Iron
17%
Raw Mutton
17%
Raw Porkchop
17%
Raw Rabbit
17%
Red Dye
17%
Red Mushroom
17%
Red Sand
17%
Rotten Flesh
17%
Shield
17%
Shulker Box
17%
Smooth Stone
17%
Soul Soil
17%
Sponge
17%
Spruce Leaves
17%
Spruce Wood
17%
Sticky Piston
17%
Stone Slab
17%
Stripped Oak Wood
17%
Suspicious Gravel
17%
Suspicious Stew
17%
Trapped Chest
17%
Tropical Fish
17%
Turtle Scute
17%
Warped Planks
17%
Wet Sponge
17%
Wheat Seeds
17%
White Banner
17%
White Concrete Powder
17%
White Terracotta
17%
Yellow Concrete
17%
Yellow Concrete Powder
17%
Yellow Dye
17%
Yellow Wool
17%
Activator Rail
11%
Amethyst Shard
11%
Andesite
11%
Armadillo Spawn Egg
11%
Armor Stand
11%
Bamboo
11%
Bee Nest
11%
Bee Spawn Egg
11%
Beetroot Seeds
11%
Birch Leaves
11%
Birch Sapling
11%
Birch Trapdoor
11%
Black Concrete Powder
11%
Black Terracotta
11%
Black Wool
11%
Blaze Powder
11%
Blaze Rod
11%
Block of Coal
11%
Block of Lapis Lazuli
11%
Blue Concrete
11%
Blue Concrete Powder
11%
Blue Egg
11%
Blue Terracotta
11%
Bowl
11%
Breeze Rod
11%
Brewing Stand
11%
Brown Bed
11%
Brown Concrete
11%
Brown Egg
11%
Brown Wool
11%
Bucket of Axolotl
11%
Bucket of Pufferfish
11%
Bucket of Tropical Fish
11%
Cat Spawn Egg
11%
Cauldron
11%
Charcoal
11%
Cherry Leaves
11%
Cherry Sapling
11%
Cherry Wood
11%
Chorus Fruit
11%
Chorus Plant
11%
Clay Ball
11%
Clock
11%
Cobblestone Wall
11%
Cocoa Beans
11%
Compass
11%
Composter
11%
Cookie
11%
Copper Axe
11%
Copper Golem Statue
11%
Copper Spear
11%
Copper Torch
11%
Cornflower
11%
Cracked Stone Bricks
11%
Creaking Heart
11%
Crimson Planks
11%
Crossbow
11%
Cyan Bed
11%
Cyan Concrete
11%
Cyan Concrete Powder
11%
Dandelion
11%
Dark Oak Planks
11%
Dark Oak Wood
11%
Deepslate Bricks
11%
Deepslate Diamond Ore
11%
Deepslate Gold Ore
11%
Detector Rail
11%
Dispenser
11%
Dried Kelp Block
11%
Dripstone Block
11%
Dropper
11%
Ender Pearl
11%
End Portal Frame
11%
End Rod
11%
End Stone Bricks
11%
Eye of Ender
11%
Feather
11%
Fire Charge
11%
Firework Rocket
11%
Fishing Rod
11%
Flower Pot
11%
Mace
11%
Silence Armor TrimSmithing Template
11%
Creeper Head
11%
Enchanted BookSharpness
11%
Music DiscC418 - cat
11%
Ominous Bottle
11%
Piglin Head
11%
Recovery Compass
11%
Sniffer Egg
11%
Ghast Tear
11%
Glow Berries
11%
Glowstone Dust
11%
Golden Dandelion
11%
Gold Nugget
11%
Gray Bed
11%
Gray Dye
11%
Gray Wool
11%
Green Banner
11%
Green Bed
11%
Grindstone
11%
Hanging Roots
11%
Hay Bale
11%
Honeycomb
11%
Horse Spawn Egg
11%
Infested Cobblestone
11%
Infested Mossy Stone Bricks
11%
Ink Sac
11%
Iron Horse Armor
11%
Iron Spear
11%
Item Frame
11%
Jukebox
11%
Jungle Leaves
11%
Jungle Sapling
11%
Leather Horse Armor
11%
Lever
11%
Light Blue Concrete
11%
Light Blue Concrete Powder
11%
Light Blue Terracotta
11%
Light Gray Terracotta
11%
Light Gray Wool
11%
Lime Bed
11%
Lime Terracotta
11%
Loom
11%
Magenta Dye
11%
Magenta Wool
11%
Mangrove Wood
11%
Moss Block
11%
Mossy Cobblestone Wall
11%
Nether Brick Slab
11%
Nether Brick Stairs
11%
Netherite Chestplate
11%
Nether Wart
11%
Oak Boat
11%
Oak Button
11%
Oak Hanging Sign
11%
Oak Pressure Plate
11%
Oak Sign
11%
Orange Concrete
11%
Orange Concrete Powder
11%
Orange Dye
11%
Orange Wool
11%
Oxidized Copper
11%
Packed Mud
11%
PaintingWind
Kristoffer Zetterstrand
11%
Pale Moss Block
11%
Pale Oak Boat
11%
Pale Oak Door
11%
Pale Oak Planks
11%
Pale Oak Trapdoor
11%
Pale Oak Wood
11%
Phantom Membrane
11%
Pink Concrete Powder
11%
Pink Terracotta
11%
Pink Wool
11%
Poisonous Potato
11%
Prismarine Stairs
11%
Pumpkin Seeds
11%
Purple Concrete
11%
Purple Concrete Powder
11%
Purple Terracotta
11%
Purple Wool
11%
Purpur Block
11%
Purpur Slab
11%
Purpur Stairs
11%
Rabbit's Foot
11%
Red Banner
11%
Red Concrete
11%
Red Concrete Powder
11%
Red Sandstone
11%
Red Shulker Box
11%
Rooted Dirt
11%
Rose Bush
11%
Sculk
11%
Sculk Catalyst
11%
Sculk Sensor
11%
Sea Lantern
11%
Sea Pickle
11%
Shulker Shell
11%
Slimeball
11%
Smooth Basalt
11%
Smooth Stone Slab
11%
Soul Torch
11%
Spruce Button
11%
Spruce Door
11%
Spruce Planks
11%
Spruce Trapdoor
11%
Stonecutter
11%
Stone Spear
11%
Stripped Oak Log
11%
Stripped Pale Oak Wood
11%
Tipped Arrow
11%
TNT
11%
Tuff
11%
Turtle Egg
11%
Waxed Block of Copper
11%
Weathered Copper
11%
White Dye
11%
White Glazed Terracotta
11%
Wither Rose
11%
Wooden Spear
11%
Yellow Banner
11%
Yellow Bed
11%
Acacia Boat
6%
Acacia Sapling
6%
Awkward Potion
6%
Axolotl Spawn Egg
6%
Azalea
6%
Azalea Leaves
6%
Bamboo Planks
6%
Bamboo Raft
6%
Bamboo Slab
6%
Bamboo Stairs
6%
Birch Boat
6%
Birch Fence
6%
Birch Log
6%
Birch Slab
6%
Birch Stairs
6%
Black Banner
6%
Black Stained Glass
6%
Blaze Spawn Egg
6%
Block of Bamboo
6%
Block of Quartz
6%
Block of Raw Copper
6%
Block of Raw Gold
6%
Block of Raw Iron
6%
Block of Resin
6%
Blue Banner
6%
Blue Candle
6%
Blue Shulker Box
6%
Blue Stained Glass
6%
Bookshelf
6%
Brain Coral
6%
Brain Coral Fan
6%
Brown Banner
6%
Brown Concrete Powder
6%
Brown Dye
6%
Brown Mushroom Block
6%
Bucket of Cod
6%
Bucket of Salmon
6%
Budding Amethyst
6%
Bush
6%
Calibrated Sculk Sensor
6%
Candle
6%
Carrot on a Stick
6%
Cartography Table
6%
Carved Pumpkin
6%
Cherry Planks
6%
Cherry Trapdoor
6%
Chiseled Bookshelf
6%
Chiseled Quartz Block
6%
Chiseled Red Sandstone
6%
Chiseled Sandstone
6%
Chorus Flower
6%
Cobblestone Stairs
6%
Cobweb
6%
Cod Spawn Egg
6%
Copper Chain
6%
Copper Lantern
6%
Copper Nautilus Armor
6%
Cracked Nether Bricks
6%
Creeper Spawn Egg
6%
Crimson Button
6%
Crimson Door
6%
Crimson Fence
6%
Crimson Fence Gate
6%
Crimson Fungus
6%
Crimson Hanging Sign
6%
Crimson Hyphae
6%
Crimson Nylium
6%
Crimson Pressure Plate
6%
Crimson Shelf
6%
Crimson Sign
6%
Crimson Stem
6%
Crimson Trapdoor
6%
Crying Obsidian
6%
Cut Copper
6%
Cut Sandstone
6%
Cut Sandstone Slab
6%
Cyan Banner
6%
Cyan Terracotta
6%
Cyan Wool
6%
Dark Oak Boat
6%
Dark Oak Button
6%
Dark Oak Leaves
6%
Dark Oak Sapling
6%
Dark Oak Slab
6%
Dark Oak Stairs
6%
Dark Oak Trapdoor
6%
Dark Prismarine Slab
6%
Dark Prismarine Stairs
6%
Dead Brain Coral
6%
Dead Brain Coral Fan
6%
Dead Bush
6%
Dead Fire Coral
6%
Dead Fire Coral Fan
6%
Dead Tube Coral
6%
Dead Tube Coral Fan
6%
Deepslate Emerald Ore
6%
Deepslate Lapis Lazuli Ore
6%
Deepslate Redstone Ore
6%
Deepslate Tiles
6%
Diamond Nautilus Armor
6%
Diorite Slab
6%
Diorite Stairs
6%
Donkey Spawn Egg
6%
Dragon's Breath
6%
Elder Guardian Spawn Egg
6%
Empty Map
6%
Ender Dragon Spawn Egg
6%
Enderman Spawn Egg
6%
Endermite Spawn Egg
6%
End Stone Brick Slab
6%
End Stone Brick Stairs
6%
End Stone Brick Wall
6%
Exposed Copper
6%
Exposed Copper Chain
6%
Exposed Copper Lantern
6%
Farmland
6%
Fern
6%
Fire Coral
6%
Fire Coral Fan
6%
Firefly Bush
6%
Firework Star
6%
Fletching Table
6%
Flowering Azalea
6%
Flowering Azalea Leaves
6%
Music DiscHyper Potions - Lava Chicken
6%
Nether Star
6%
Wither Skeleton Skull
6%
Chain Command Block
6%
Debug Stick
6%
Dragon Head
6%
Repeating Command Block
6%
Blade Pottery Sherd
6%
Bottle o' Enchanting
6%
Coast Armor TrimSmithing Template
6%
Echo Shard
6%
Enchanted BookBlast Protection
6%
Enchanted BookDensity
6%
Enchanted BookFire Aspect
6%
Enchanted BookLoyalty
6%
Enchanted BookMending
6%
Enchanted BookProjectile Protection
6%
Enchanted BookProtection
6%
Enchanted BookSweeping Edge
6%
Enchanted BookSwift Sneak
6%
Enchanted BookWind Burst
6%
Goat HornCall
6%
Heart Pottery Sherd
6%
Music DiscC418 - chirp
6%
Music DiscC418 - far
6%
Music DiscC418 - ward
6%
Music DiscLena Raine - otherside
6%
Music DiscLena Raine - Pigstep
6%
Ominous Banner
6%
Player Head
6%
Fox Spawn Egg
6%
Frogspawn
6%
Frog Spawn Egg
6%
Glass Bottle
6%
Glow Ink Sac
6%
Goat Spawn Egg
6%
Golden Horse Armor
6%
Granite
6%
Gray Concrete Powder
6%
Green Glazed Terracotta
6%
Green Stained Glass
6%
Guardian Spawn Egg
6%
Gunpowder
6%
Honeycomb Block
6%
Hopper
6%
Infested Deepslate
6%
Iron Chain
6%
Iron Nautilus Armor
6%
Jungle Boat
6%
Jungle Door
6%
Jungle Fence
6%
Jungle Planks
6%
Jungle Stairs
6%
Jungle Wood
6%
Ladder
6%
Lectern
6%
Light Blue Banner
6%
Light Blue Bed
6%
Light Blue Wool
6%
Light Gray Banner
6%
Light Gray Bed
6%
Light Gray Concrete Powder
6%
Light Gray Dye
6%
Light Gray Stained Glass
6%
Lily of the Valley
6%
Lime Shulker Box
6%
Lingering Potion of Oozing
6%
Lodestone
6%
Magenta Bed
6%
Magenta Concrete
6%
Magenta Concrete Powder
6%
Magenta Terracotta
6%
Mangrove Boat
6%
Mangrove Door
6%
Mangrove Leaves
6%
Mangrove Planks
6%
Mangrove Pressure Plate
6%
Mangrove Stairs
6%
Melon Seeds
6%
Melon Slice
6%
Minecart with Chest
6%
Minecart with Furnace
6%
Minecart with Hopper
6%
Minecart with TNT
6%
Moss Carpet
6%
Mossy Cobblestone Slab
6%
Mossy Cobblestone Stairs
6%
Mossy Stone Brick Wall
6%
Mud Brick Slab
6%
Mud Brick Stairs
6%
Mud Brick Wall
6%
Mule Spawn Egg
6%
Nether Brick Wall
6%
Nether Gold Ore
6%
Netherite Horse Armor
6%
Netherite Nautilus Armor
6%
Nether Quartz
6%
Nether Quartz Ore
6%
Nether Wart Block
6%
Note Block
6%
Oak Fence
6%
Oak Fence Gate
6%
Oak Shelf
6%
Ochre Froglight
6%
Ominous Vault
6%
Orange Banner
6%
Orange Bed
6%
Orange Shulker Box
6%
Orange Stained Glass
6%
Orange Tulip
6%
Oxidized Copper Chain
6%
PaintingFern
Kristoffer Zetterstrand
6%
Pale Moss Carpet
6%
Pale Oak Button
6%
Pale Oak Fence
6%
Pale Oak Leaves
6%
Pale Oak Log
6%
Pale Oak Pressure Plate
6%
Pale Oak Sapling
6%
Pale Oak Slab
6%
Pale Oak Stairs
6%
Peony
6%
Petrified Oak Slab
6%
Pig Spawn Egg
6%
Pink Banner
6%
Pink Shulker Box
6%
Pitcher Plant
6%
Pointed Dripstone
6%
Popped Chorus Fruit
6%
Potion of Invisibility
6%
Potion of Oozing
6%
Powder Snow
6%
Powder Snow Bucket
6%
Prismarine Bricks
6%
Prismarine Brick Slab
6%
Prismarine Brick Stairs
6%
Prismarine Slab
6%
Prismarine Wall
6%
Pufferfish Spawn Egg
6%
Purple Banner
6%
Purple Shulker Box
6%
Quartz Pillar
6%
Rabbit Hide
6%
Rabbit Spawn Egg
6%
Red Mushroom Block
6%
Red Nether Bricks
6%
Red Nether Brick Slab
6%
Red Nether Brick Stairs
6%
Red Nether Brick Wall
6%
Red Stained Glass
6%
Redstone Repeater
6%
Reinforced Deepslate
6%
Resin Brick
6%
Resin Clump
6%
Salmon Spawn Egg
6%
Sculk Shrieker
6%
Sheep Spawn Egg
6%
Short Grass
6%
Shroomlight
6%
Shulker Spawn Egg
6%
Small Dripleaf
6%
Smithing Table
6%
Smooth Quartz Block
6%
Smooth Quartz Slab
6%
Smooth Red Sandstone
6%
Smooth Sandstone
6%
Sniffer Spawn Egg
6%
Snowball
6%
Snow Block
6%
Soul Campfire
6%
Soul Lantern
6%
Spectral Arrow
6%
Splash Potion of Invisibility
6%
Splash Potion of Oozing
6%
Spore Blossom
6%
Spruce Boat
6%
Spruce Hanging Sign
6%
Spruce Log
6%
Spruce Pressure Plate
6%
Spruce Sapling
6%
Spruce Shelf
6%
Spruce Sign
6%
Spruce Slab
6%
Spyglass
6%
Stone Brick Stairs
6%
Stone Brick Wall
6%
Stone Button
6%
Stone Pressure Plate
6%
Stone Stairs
6%
Stripped Birch Wood
6%
Stripped Cherry Wood
6%
Stripped Crimson Hyphae
6%
Stripped Crimson Stem
6%
Stripped Dark Oak Wood
6%
Stripped Mangrove Wood
6%
Stripped Pale Oak Log
6%
Stripped Spruce Wood
6%
Stripped Warped Hyphae
6%
Stripped Warped Stem
6%
Sunflower
6%
Sweet Berries
6%
Tadpole Spawn Egg
6%
Tinted Glass
6%
Torchflower
6%
Torchflower Seeds
6%
Trial Key
6%
Tropical Fish Spawn Egg
6%
Tube Coral
6%
Tube Coral Fan
6%
Tuff Bricks
6%
Tuff Brick Slab
6%
Tuff Brick Stairs
6%
Tuff Brick Wall
6%
Tuff Slab
6%
Tuff Stairs
6%
Tuff Wall
6%
Turtle Shell
6%
Twisting Vines
6%
Uncraftable Potion
6%
Vault
6%
Vines
6%
Warped Door
6%
Warped Fungus
6%
Warped Fungus on a Stick
6%
Warped Hyphae
6%
Warped Nylium
6%
Warped Stem
6%
Water Bottle
6%
Waxed Copper Chain
6%
Waxed Copper Golem Statue
6%
Waxed Copper Lantern
6%
Waxed Exposed Copper
6%
Waxed Exposed Copper Chain
6%
Waxed Exposed Copper Lantern
6%
Waxed Oxidized Copper
6%
Waxed Oxidized Copper Chain
6%
Waxed Weathered Copper
6%
Waxed Weathered Copper Chain
6%
Waxed Weathered Cut Copper
6%
Waxed Weathered Cut Copper Stairs
6%
Weathered Copper Chain
6%
White Candle
6%
White Shulker Box
6%
White Stained Glass
6%
White Tulip
6%
Wind Charge
6%
Wither Spawn Egg
6%
Wolf Spawn Egg
6%
Written Book
6%
Yellow Candle
6%
Yellow Glazed Terracotta
6%
Acacia Boat with Chest
0%
Acacia Button
0%
Acacia Door
0%
Acacia Fence
0%
Acacia Fence Gate
0%
Acacia Hanging Sign
0%
Acacia Leaves
0%
Acacia Log
0%
Acacia Planks
0%
Acacia Pressure Plate
0%
Acacia Shelf
0%
Acacia Sign
0%
Acacia Slab
0%
Acacia Stairs
0%
Acacia Trapdoor
0%
Acacia Wood
0%
Allay Spawn Egg
0%
Allium
0%
Amethyst Cluster
0%
Andesite Slab
0%
Andesite Stairs
0%
Andesite Wall
0%
Arrow of Fire Resistance
0%
Arrow of Harming
0%
Arrow of Healing
0%
Arrow of Infestation
0%
Arrow of Invisibility
0%
Arrow of Leaping
0%
Arrow of Luck
0%
Arrow of Night Vision
0%
Arrow of Oozing
0%
Arrow of Poison
0%
Arrow of Regeneration
0%
Arrow of Slow Falling
0%
Arrow of Slowness
0%
Arrow of Splashing
0%
Arrow of Strength
0%
Arrow of Swiftness
0%
Arrow of the Turtle Master
0%
Arrow of Water Breathing
0%
Arrow of Weakness
0%
Arrow of Weaving
0%
Arrow of Wind Charging
0%
Awkward Lingering Potion
0%
Awkward Splash Potion
0%
Azure Bluet
0%
Bamboo Button
0%
Bamboo Door
0%
Bamboo Fence
0%
Bamboo Fence Gate
0%
Bamboo Hanging Sign
0%
Bamboo Mosaic
0%
Bamboo Mosaic Slab
0%
Bamboo Mosaic Stairs
0%
Bamboo Pressure Plate
0%
Bamboo Raft with Chest
0%
Bamboo Shelf
0%
Bamboo Sign
0%
Bamboo Trapdoor
0%
Barrel
0%
Bat Spawn Egg
0%
Bell
0%
Big Dripleaf
0%
Birch Boat with Chest
0%
Birch Button
0%
Birch Fence Gate
0%
Birch Hanging Sign
0%
Birch Pressure Plate
0%
Birch Shelf
0%
Birch Sign
0%
Black Bundle
0%
Black Candle
0%
Black Carpet
0%
Black Glazed Terracotta
0%
Black Harness
0%
Black Shulker Box
0%
Black Stained Glass Pane
0%
Blackstone Slab
0%
Blackstone Stairs
0%
Blackstone Wall
0%
Block of Amethyst
0%
Block of Stripped Bamboo
0%
Blue Bundle
0%
Blue Carpet
0%
Blue Glazed Terracotta
0%
Blue Harness
0%
Blue Orchid
0%
Blue Stained Glass Pane
0%
Bogged Spawn Egg
0%
Bordure Indented Banner Pattern
0%
Brain Coral Block
0%
Breeze Spawn Egg
0%
Brick Slab
0%
Brick Stairs
0%
Brick Wall
0%
Brown Bundle
0%
Brown Candle
0%
Brown Carpet
0%
Brown Glazed Terracotta
0%
Brown Harness
0%
Brown Shulker Box
0%
Brown Stained Glass
0%
Brown Stained Glass Pane
0%
Bubble Coral
0%
Bubble Coral Block
0%
Bubble Coral Fan
0%
Bucket of Tadpole
0%
Bundle
0%
Buried Treasure Map
0%
Calcite
0%
Camel Husk Spawn Egg
0%
Camel Spawn Egg
0%
Cave Spider Spawn Egg
0%
Cherry Boat
0%
Cherry Boat with Chest
0%
Cherry Button
0%
Cherry Door
0%
Cherry Fence
0%
Cherry Fence Gate
0%
Cherry Hanging Sign
0%
Cherry Log
0%
Cherry Pressure Plate
0%
Cherry Shelf
0%
Cherry Sign
0%
Cherry Slab
0%
Cherry Stairs
0%
Chicken Spawn Egg
0%
Chipped Anvil
0%
Chiseled Copper
0%
Chiseled Deepslate
0%
Chiseled Nether Bricks
0%
Chiseled Polished Blackstone
0%
Chiseled Resin Bricks
0%
Chiseled Stone Bricks
0%
Chiseled Tuff
0%
Chiseled Tuff Bricks
0%
Closed Eyeblossom
0%
Cobbled Deepslate Slab
0%
Cobbled Deepslate Stairs
0%
Cobbled Deepslate Wall
0%
Cobblestone Slab
0%
Copper Bars
0%
Copper Bulb
0%
Copper Door
0%
Copper Golem Spawn Egg
0%
Copper Grate
0%
Copper Horse Armor
0%
Copper Trapdoor
0%
Cow Spawn Egg
0%
Cracked Deepslate Bricks
0%
Cracked Deepslate Tiles
0%
Cracked Polished Blackstone Bricks
0%
Crafter
0%
Creaking Spawn Egg
0%
Crimson Roots
0%
Crimson Slab
0%
Crimson Stairs
0%
Cut Copper Slab
0%
Cut Copper Stairs
0%
Cut Red Sandstone
0%
Cut Red Sandstone Slab
0%
Cyan Bundle
0%
Cyan Candle
0%
Cyan Carpet
0%
Cyan Glazed Terracotta
0%
Cyan Harness
0%
Cyan Shulker Box
0%
Cyan Stained Glass
0%
Cyan Stained Glass Pane
0%
Damaged Anvil
0%
Dark Oak Boat with Chest
0%
Dark Oak Door
0%
Dark Oak Fence
0%
Dark Oak Fence Gate
0%
Dark Oak Hanging Sign
0%
Dark Oak Log
0%
Dark Oak Pressure Plate
0%
Dark Oak Shelf
0%
Dark Oak Sign
0%
Daylight Detector
0%
Dead Brain Coral Block
0%
Dead Bubble Coral
0%
Dead Bubble Coral Block
0%
Dead Bubble Coral Fan
0%
Dead Fire Coral Block
0%
Dead Horn Coral
0%
Dead Horn Coral Block
0%
Dead Horn Coral Fan
0%
Dead Tube Coral Block
0%
Decorated Pot
0%
Deepslate Brick Slab
0%
Deepslate Brick Stairs
0%
Deepslate Brick Wall
0%
Deepslate Tile Slab
0%
Deepslate Tile Stairs
0%
Deepslate Tile Wall
0%
Desert Village Map
0%
Diorite Wall
0%
Dirt Path
0%
Dolphin Spawn Egg
0%
Drowned Spawn Egg
0%
End Gateway
0%
Evoker Spawn Egg
0%
Exposed Chiseled Copper
0%
Exposed Copper Bars
0%
Exposed Copper Bulb
0%
Exposed Copper Chest
0%
Exposed Copper Door
0%
Exposed Copper Golem Statue
0%
Exposed Copper Grate
0%
Exposed Copper Trapdoor
0%
Exposed Cut Copper
0%
Exposed Cut Copper Slab
0%
Exposed Cut Copper Stairs
0%
Exposed Lightning Rod
0%
Field Masoned Banner Pattern
0%
Fire Coral Block
0%
Flower Charge Banner Pattern
0%
Beacon
0%
Eye Armor TrimSmithing Template
0%
Flow Banner Pattern
0%
Guster Banner Pattern
0%
Music DiscLena Raine - Creator
0%
Skull Charge Banner Pattern
0%
Spire Armor TrimSmithing Template
0%
Thing Banner Pattern
0%
Vex Armor TrimSmithing Template
0%
Ward Armor TrimSmithing Template
0%
Heavy Core
0%
Jigsaw Block
0%
Knowledge Book
0%
Minecart with Command Block
0%
Structure Block
0%
Structure Void
0%
Test Block
0%
Test Instance Block
0%
Angler Pottery Sherd
0%
Archer Pottery Sherd
0%
Arms Up Pottery Sherd
0%
Bolt Armor TrimSmithing Template
0%
Brewer Pottery Sherd
0%
Burn Pottery Sherd
0%
Conduit
0%
Creeper Charge Banner Pattern
0%
Danger Pottery Sherd
0%
Disc FragmentMusic Disc - 5
0%
Dune Armor TrimSmithing Template
0%
Enchanted BookAqua Affinity
0%
Enchanted BookBane of Arthropods
0%
Enchanted BookBreach
0%
Enchanted BookChanneling
0%
Enchanted BookDepth Strider
0%
Enchanted BookEfficiency
0%
Enchanted BookFeather Falling
0%
Enchanted BookFire Protection
0%
Enchanted BookFlame
0%
Enchanted BookCurse of Binding
0%
Enchanted BookCurse of Vanishing
0%
Enchanted BookFortune
0%
Enchanted BookFrost Walker
0%
Enchanted BookImpaling
0%
Enchanted BookInfinity
0%
Enchanted BookKnockback
0%
Enchanted BookLooting
0%
Enchanted BookLuck of the Sea
0%
Enchanted BookLunge
0%
Enchanted BookLure
0%
Enchanted BookMultishot
0%
Enchanted BookPiercing
0%
Enchanted BookPunch
0%
Enchanted BookQuick Charge
0%
Enchanted BookRespiration
0%
Enchanted BookRiptide
0%
Enchanted BookSilk Touch
0%
Enchanted BookSmite
0%
Enchanted BookSoul Speed
0%
Enchanted BookThorns
0%
Enchanted BookUnbreaking
0%
Explorer Pottery Sherd
0%
Flow Armor TrimSmithing Template
0%
Flow Pottery Sherd
0%
Friend Pottery Sherd
0%
Goat HornAdmire
0%
Goat HornDream
0%
Goat HornFeel
0%
Goat HornPonder
0%
Goat HornSeek
0%
Goat HornSing
0%
Goat HornYearn
0%
Guster Pottery Sherd
0%
Heartbreak Pottery Sherd
0%
Heart of the Sea
0%
Host Armor TrimSmithing Template
0%
Howl Pottery Sherd
0%
Miner Pottery Sherd
0%
Mourner Pottery Sherd
0%
Music DiscAaron Cherof - Precipice
0%
Music DiscAaron Cherof - Relic
0%
Music DiscAmos Roddy - Tears
0%
Music DiscC418 - 11
0%
Music DiscC418 - 13
0%
Music DiscC418 - blocks
0%
Music DiscC418 - mall
0%
Music DiscC418 - mellohi
0%
Music DiscC418 - stal
0%
Music DiscC418 - strad
0%
Music DiscC418 - wait
0%
Music DiscLena Raine - Creator (Music Box)
0%
Music DiscSamuel Åberg - 5
0%
Nautilus Shell
0%
Netherite UpgradeSmithing Template
0%
Plenty Pottery Sherd
0%
Prize Pottery Sherd
0%
Raiser Armor TrimSmithing Template
0%
Rib Armor TrimSmithing Template
0%
Scrape Pottery Sherd
0%
Sentry Armor TrimSmithing Template
0%
Shaper Armor TrimSmithing Template
0%
Sheaf Pottery Sherd
0%
Shelter Pottery Sherd
0%
Skeleton Skull
0%
Skull Pottery Sherd
0%
Snort Pottery Sherd
0%
Snout Armor TrimSmithing Template
0%
Snout Banner Pattern
0%
Tide Armor TrimSmithing Template
0%
Wayfinder Armor TrimSmithing Template
0%
Wild Armor TrimSmithing Template
0%
Zombie Head
0%
Ghast Spawn Egg
0%
Gilded Blackstone
0%
Glistering Melon Slice
0%
Globe Banner Pattern
0%
Glow Item Frame
0%
Glow Lichen
0%
Glow Squid Spawn Egg
0%
Golden Nautilus Armor
0%
Granite Slab
0%
Granite Stairs
0%
Granite Wall
0%
Gray Banner
0%
Gray Bundle
0%
Gray Candle
0%
Gray Carpet
0%
Gray Glazed Terracotta
0%
Gray Harness
0%
Gray Shulker Box
0%
Gray Stained Glass
0%
Gray Stained Glass Pane
0%
Green Bundle
0%
Green Candle
0%
Green Carpet
0%
Green Harness
0%
Green Shulker Box
0%
Green Stained Glass Pane
0%
Happy Ghast Spawn Egg
0%
Heavy Weighted Pressure Plate
0%
Hoglin Spawn Egg
0%
Horn Coral
0%
Horn Coral Block
0%
Horn Coral Fan
0%
Husk Spawn Egg
0%
Infested Chiseled Stone Bricks
0%
Infested Cracked Stone Bricks
0%
Iron Bars
0%
Iron Door
0%
Iron Golem Spawn Egg
0%
Iron Trapdoor
0%
Jungle Boat with Chest
0%
Jungle Button
0%
Jungle Explorer Map
0%
Jungle Fence Gate
0%
Jungle Hanging Sign
0%
Jungle Log
0%
Jungle Pressure Plate
0%
Jungle Shelf
0%
Jungle Sign
0%
Jungle Slab
0%
Jungle Trapdoor
0%
Large Amethyst Bud
0%
Large Fern
0%
Leaf Litter
0%
Light Blue Bundle
0%
Light Blue Candle
0%
Light Blue Carpet
0%
Light Blue Glazed Terracotta
0%
Light Blue Harness
0%
Light Blue Shulker Box
0%
Light Blue Stained Glass
0%
Light Blue Stained Glass Pane
0%
Light Gray Bundle
0%
Light Gray Candle
0%
Light Gray Carpet
0%
Light Gray Glazed Terracotta
0%
Light Gray Harness
0%
Light Gray Shulker Box
0%
Light Gray Stained Glass Pane
0%
Lightning Rod
0%
Light Weighted Pressure Plate
0%
Lilac
0%
Lily Pad
0%
Lime Banner
0%
Lime Bundle
0%
Lime Candle
0%
Lime Carpet
0%
Lime Glazed Terracotta
0%
Lime Harness
0%
Lime Stained Glass
0%
Lime Stained Glass Pane
0%
Lingering Potion of Fire Resistance
0%
Lingering Potion of Harming
0%
Lingering Potion of Healing
0%
Lingering Potion of Infestation
0%
Lingering Potion of Invisibility
0%
Lingering Potion of Leaping
0%
Lingering Potion of Luck
0%
Lingering Potion of Night Vision
0%
Lingering Potion of Poison
0%
Lingering Potion of Regeneration
0%
Lingering Potion of Slow Falling
0%
Lingering Potion of Slowness
0%
Lingering Potion of Strength
0%
Lingering Potion of Swiftness
0%
Lingering Potion of the Turtle Master
0%
Lingering Potion of Water Breathing
0%
Lingering Potion of Weakness
0%
Lingering Potion of Weaving
0%
Lingering Potion of Wind Charging
0%
Lingering Water Bottle
0%
Llama Spawn Egg
0%
Magenta Banner
0%
Magenta Bundle
0%
Magenta Candle
0%
Magenta Carpet
0%
Magenta Glazed Terracotta
0%
Magenta Harness
0%
Magenta Shulker Box
0%
Magenta Stained Glass
0%
Magenta Stained Glass Pane
0%
Magma Cube Spawn Egg
0%
Mangrove Boat with Chest
0%
Mangrove Button
0%
Mangrove Fence
0%
Mangrove Fence Gate
0%
Mangrove Hanging Sign
0%
Mangrove Log
0%
Mangrove Propagule
0%
Mangrove Roots
0%
Mangrove Shelf
0%
Mangrove Sign
0%
Mangrove Slab
0%
Mangrove Trapdoor
0%
Medium Amethyst Bud
0%
Mooshroom Spawn Egg
0%
Mossy Stone Brick Slab
0%
Mossy Stone Brick Stairs
0%
Muddy Mangrove Roots
0%
Mundane Lingering Potion
0%
Mundane Potion
0%
Mundane Splash Potion
0%
Mushroom Stem
0%
Nautilus Spawn Egg
0%
Nether Sprouts
0%
Oak Boat with Chest
0%
Ocean Explorer Map
0%
Ocelot Spawn Egg
0%
Ominous Trial Key
0%
Ominous Trial Spawner
0%
Open Eyeblossom
0%
Orange Bundle
0%
Orange Candle
0%
Orange Carpet
0%
Orange Glazed Terracotta
0%
Orange Harness
0%
Orange Stained Glass Pane
0%
Oxeye Daisy
0%
Oxidized Chiseled Copper
0%
Oxidized Copper Bars
0%
Oxidized Copper Bulb
0%
Oxidized Copper Chest
0%
Oxidized Copper Door
0%
Oxidized Copper Golem Statue
0%
Oxidized Copper Grate
0%
Oxidized Copper Lantern
0%
Oxidized Copper Trapdoor
0%
Oxidized Cut Copper
0%
Oxidized Cut Copper Slab
0%
Oxidized Cut Copper Stairs
0%
Oxidized Lightning Rod
0%
PaintingRandom variant
0%
PaintingAlbanian
Kristoffer Zetterstrand
0%
PaintingBackyard
Kristoffer Zetterstrand
0%
PaintingBaroque
Sarah Boeving
0%
PaintingBonjour Monsieur Courbet
Kristoffer Zetterstrand
0%
PaintingBouquet
Kristoffer Zetterstrand
0%
PaintingBust
Kristoffer Zetterstrand
0%
PaintingCavebird
Kristoffer Zetterstrand
0%
PaintingChanging
Kristoffer Zetterstrand
0%
PaintingCotán
Kristoffer Zetterstrand
0%
PaintingCreebet
Kristoffer Zetterstrand
0%
Paintingde_aztec (2)
Kristoffer Zetterstrand
0%
Paintingde_aztec
Kristoffer Zetterstrand
0%
PaintingDennis
Sarah Boeving
0%
PaintingEarth
Kristoffer Zetterstrand
0%
PaintingEndboss
Kristoffer Zetterstrand
0%
PaintingFighters
Kristoffer Zetterstrand
0%
PaintingFinding
Kristoffer Zetterstrand
0%
PaintingGraham
Kristoffer Zetterstrand
0%
PaintingHumble
Sarah Boeving
0%
PaintingKebab med tre pepperoni
Kristoffer Zetterstrand
0%
PaintingKong
Kristoffer Zetterstrand
0%
PaintingLowmist
Kristoffer Zetterstrand
0%
PaintingMatch
Kristoffer Zetterstrand
0%
PaintingMeditative
Sarah Boeving
0%
PaintingMortal Coil
Kristoffer Zetterstrand
0%
PaintingOrb
Kristoffer Zetterstrand
0%
PaintingOwlemons
Kristoffer Zetterstrand
0%
PaintingParadisträd
Kristoffer Zetterstrand
0%
PaintingPassage
Kristoffer Zetterstrand
0%
PaintingPigscene
Kristoffer Zetterstrand
0%
PaintingPointer
Kristoffer Zetterstrand
0%
PaintingPond
Kristoffer Zetterstrand
0%
PaintingPrairie Ride
Sarah Boeving
0%
PaintingSeaside
Kristoffer Zetterstrand
0%
PaintingSkull and Roses
Kristoffer Zetterstrand
0%
PaintingSkull On Fire
Kristoffer Zetterstrand
0%
PaintingSunflowers
Kristoffer Zetterstrand
0%
Paintingsunset_dense
Kristoffer Zetterstrand
0%
PaintingTarget Successfully Bombed
Kristoffer Zetterstrand
0%
PaintingThe Pool
Kristoffer Zetterstrand
0%
PaintingThe Stage Is Set
Kristoffer Zetterstrand
0%
PaintingThe void
Kristoffer Zetterstrand
0%
PaintingTides
Kristoffer Zetterstrand
0%
PaintingUnpacked
Sarah Boeving
0%
PaintingWanderer
Kristoffer Zetterstrand
0%
PaintingWasteland
Kristoffer Zetterstrand
0%
Pale Hanging Moss
0%
Pale Oak Boat with Chest
0%
Pale Oak Fence Gate
0%
Pale Oak Hanging Sign
0%
Pale Oak Shelf
0%
Pale Oak Sign
0%
Panda Spawn Egg
0%
Parched Spawn Egg
0%
Parrot Spawn Egg
0%
Pearlescent Froglight
0%
Phantom Spawn Egg
0%
Piglin Brute Spawn Egg
0%
Piglin Spawn Egg
0%
Pillager Spawn Egg
0%
Pink Bundle
0%
Pink Candle
0%
Pink Carpet
0%
Pink Glazed Terracotta
0%
Pink Harness
0%
Pink Petals
0%
Pink Stained Glass
0%
Pink Stained Glass Pane
0%
Pink Tulip
0%
Pitcher Pod
0%
Plains Village Map
0%
Polar Bear Spawn Egg
0%
Polished Andesite
0%
Polished Andesite Slab
0%
Polished Andesite Stairs
0%
Polished Basalt
0%
Polished Blackstone
0%
Polished Blackstone Bricks
0%
Polished Blackstone Brick Slab
0%
Polished Blackstone Brick Stairs
0%
Polished Blackstone Brick Wall
0%
Polished Blackstone Button
0%
Polished Blackstone Pressure Plate
0%
Polished Blackstone Slab
0%
Polished Blackstone Stairs
0%
Polished Blackstone Wall
0%
Polished Deepslate
0%
Polished Deepslate Slab
0%
Polished Deepslate Stairs
0%
Polished Deepslate Wall
0%
Polished Diorite
0%
Polished Diorite Slab
0%
Polished Diorite Stairs
0%
Polished Granite
0%
Polished Granite Slab
0%
Polished Granite Stairs
0%
Polished Tuff
0%
Polished Tuff Slab
0%
Polished Tuff Stairs
0%
Polished Tuff Wall
0%
Potion of Fire Resistance
0%
Potion of Harming
0%
Potion of Healing
0%
Potion of Infestation
0%
Potion of Leaping
0%
Potion of Luck
0%
Potion of Night Vision
0%
Potion of Poison
0%
Potion of Regeneration
0%
Potion of Slow Falling
0%
Potion of Slowness
0%
Potion of Strength
0%
Potion of Swiftness
0%
Potion of the Turtle Master
0%
Potion of Water Breathing
0%
Potion of Weakness
0%
Potion of Weaving
0%
Potion of Wind Charging
0%
Prismarine Crystals
0%
Prismarine Shard
0%
Purple Bundle
0%
Purple Candle
0%
Purple Carpet
0%
Purple Glazed Terracotta
0%
Purple Harness
0%
Purple Stained Glass
0%
Purple Stained Glass Pane
0%
Purpur Pillar
0%
Quartz Bricks
0%
Quartz Slab
0%
Quartz Stairs
0%
Ravager Spawn Egg
0%
Red Bundle
0%
Red Candle
0%
Red Carpet
0%
Red Glazed Terracotta
0%
Red Harness
0%
Red Sandstone Slab
0%
Red Sandstone Stairs
0%
Red Sandstone Wall
0%
Red Stained Glass Pane
0%
Redstone Comparator
0%
Redstone Lamp
0%
Red Tulip
0%
Resin Bricks
0%
Resin Brick Slab
0%
Resin Brick Stairs
0%
Resin Brick Wall
0%
Respawn Anchor
0%
Sandstone Slab
0%
Sandstone Stairs
0%
Sandstone Wall
0%
Savanna Village Map
0%
Scaffolding
0%
Sculk Vein
0%
Short Dry Grass
0%
Silverfish Spawn Egg
0%
Skeleton Horse Spawn Egg
0%
Skeleton Spawn Egg
0%
Slime Spawn Egg
0%
Small Amethyst Bud
0%
Smooth Quartz Stairs
0%
Smooth Red Sandstone Slab
0%
Smooth Red Sandstone Stairs
0%
Smooth Sandstone Slab
0%
Smooth Sandstone Stairs
0%
Snow Golem Spawn Egg
0%
Snowy Village Map
0%
Soul Fire
0%
Spider Spawn Egg
0%
Splash Potion of Fire Resistance
0%
Splash Potion of Harming
0%
Splash Potion of Healing
0%
Splash Potion of Infestation
0%
Splash Potion of Leaping
0%
Splash Potion of Luck
0%
Splash Potion of Night Vision
0%
Splash Potion of Poison
0%
Splash Potion of Regeneration
0%
Splash Potion of Slow Falling
0%
Splash Potion of Slowness
0%
Splash Potion of Strength
0%
Splash Potion of Swiftness
0%
Splash Potion of the Turtle Master
0%
Splash Potion of Water Breathing
0%
Splash Potion of Weakness
0%
Splash Potion of Weaving
0%
Splash Potion of Wind Charging
0%
Splash Water Bottle
0%
Spruce Boat with Chest
0%
Spruce Fence
0%
Spruce Fence Gate
0%
Spruce Stairs
0%
Squid Spawn Egg
0%
Stone Brick Slab
0%
Stray Spawn Egg
0%
Strider Spawn Egg
0%
Stripped Acacia Log
0%
Stripped Acacia Wood
0%
Stripped Birch Log
0%
Stripped Cherry Log
0%
Stripped Dark Oak Log
0%
Stripped Jungle Log
0%
Stripped Jungle Wood
0%
Stripped Mangrove Log
0%
Stripped Spruce Log
0%
Swamp Explorer Map
0%
Taiga Village Map
0%
Tall Dry Grass
0%
Target
0%
Thick Lingering Potion
0%
Thick Potion
0%
Thick Splash Potion
0%
Trader Llama Spawn Egg
0%
Trial Explorer Map
0%
Tripwire Hook
0%
Tube Coral Block
0%
Turtle Spawn Egg
0%
Uncraftable Lingering Potion
0%
Uncraftable Splash Potion
0%
Uncraftable Tipped Arrow
0%
Verdant Froglight
0%
Vex Spawn Egg
0%
Villager Spawn Egg
0%
Vindicator Spawn Egg
0%
Wandering Trader Spawn Egg
0%
Warden Spawn Egg
0%
Warped Button
0%
Warped Fence
0%
Warped Fence Gate
0%
Warped Hanging Sign
0%
Warped Pressure Plate
0%
Warped Roots
0%
Warped Shelf
0%
Warped Sign
0%
Warped Slab
0%
Warped Stairs
0%
Warped Trapdoor
0%
Warped Wart Block
0%
Waxed Chiseled Copper
0%
Waxed Copper Bars
0%
Waxed Copper Bulb
0%
Waxed Copper Chest
0%
Waxed Copper Door
0%
Waxed Copper Grate
0%
Waxed Copper Trapdoor
0%
Waxed Cut Copper
0%
Waxed Cut Copper Slab
0%
Waxed Cut Copper Stairs
0%
Waxed Exposed Chiseled Copper
0%
Waxed Exposed Copper Bars
0%
Waxed Exposed Copper Bulb
0%
Waxed Exposed Copper Chest
0%
Waxed Exposed Copper Door
0%
Waxed Exposed Copper Golem Statue
0%
Waxed Exposed Copper Grate
0%
Waxed Exposed Copper Trapdoor
0%
Waxed Exposed Cut Copper
0%
Waxed Exposed Cut Copper Slab
0%
Waxed Exposed Cut Copper Stairs
0%
Waxed Exposed Lightning Rod
0%
Waxed Lightning Rod
0%
Waxed Oxidized Chiseled Copper
0%
Waxed Oxidized Copper Bars
0%
Waxed Oxidized Copper Bulb
0%
Waxed Oxidized Copper Chest
0%
Waxed Oxidized Copper Door
0%
Waxed Oxidized Copper Golem Statue
0%
Waxed Oxidized Copper Grate
0%
Waxed Oxidized Copper Lantern
0%
Waxed Oxidized Copper Trapdoor
0%
Waxed Oxidized Cut Copper
0%
Waxed Oxidized Cut Copper Slab
0%
Waxed Oxidized Cut Copper Stairs
0%
Waxed Oxidized Lightning Rod
0%
Waxed Weathered Chiseled Copper
0%
Waxed Weathered Copper Bars
0%
Waxed Weathered Copper Bulb
0%
Waxed Weathered Copper Chest
0%
Waxed Weathered Copper Door
0%
Waxed Weathered Copper Golem Statue
0%
Waxed Weathered Copper Grate
0%
Waxed Weathered Copper Lantern
0%
Waxed Weathered Copper Trapdoor
0%
Waxed Weathered Cut Copper Slab
0%
Waxed Weathered Lightning Rod
0%
Weathered Chiseled Copper
0%
Weathered Copper Bars
0%
Weathered Copper Bulb
0%
Weathered Copper Chest
0%
Weathered Copper Door
0%
Weathered Copper Golem Statue
0%
Weathered Copper Grate
0%
Weathered Copper Lantern
0%
Weathered Copper Trapdoor
0%
Weathered Cut Copper
0%
Weathered Cut Copper Slab
0%
Weathered Cut Copper Stairs
0%
Weathered Lightning Rod
0%
Weeping Vines
0%
White Bundle
0%
White Carpet
0%
White Harness
0%
White Stained Glass Pane
0%
Wildflowers
0%
Witch Spawn Egg
0%
Wither Skeleton Spawn Egg
0%
Woodland Explorer Map
0%
Yellow Bundle
0%
Yellow Carpet
0%
Yellow Harness
0%
Yellow Shulker Box
0%
Yellow Stained Glass
0%
Yellow Stained Glass Pane
0%
Zoglin Spawn Egg
0%
Zombie Horse Spawn Egg
0%
Zombie Nautilus Spawn Egg
0%
Zombie Spawn Egg
0%
Zombie Villager Spawn Egg
0%
Zombified Piglin Spawn Egg
0%
No matching quizzes found
Score Distribution
Percent of People with Each Score
Percentile by Number Answered
Your Score History
You have not taken this quiz since the last reset